00752nam a2200181 a 450000100100000000500170001000800410002704000250006808200150009311000340010824500690014226000500021130000230026150001410028404900090042595201190043499900170055300001973920200929170124.0100705s1977 sp r 000 0 spa d aDO-SdBNPbspacBNPHU axxxbN964t1 aGeodes Internacionales94220113aEl nuevo testamento de nuestro señor Jesucristo :bcon Salmos. a[Navarra] :bGedeones Internacionales,c1977. a278 p. : ;c20 cm. aEn la portada: antigua versión de Casiodoro de reina (1569) revisada por Cipriano de Valera (1962) Otras Versiones: 1862, 1909 y 1960. aBNGR 001054708MOaGRbGRcCTd2010-07-05iLF1l0oxxx N964tp19739-10r2020-06-25w2020-06-25y4ZPréstamo en sala c19253d19253